000 00349nam a22001457a 4500
008 210305b ||||| |||| 00| 0 eng d
020 _a0723409730
041 _aeng
080 _22nd
_a61
082 _22nd
_a61
100 _a4
101 _aSHM
245 _aThe Miles Color Atlas of Infectious Diseases-Volume 2
_cEdmond,D.T.R
942 _2udc
_cBK
999 _c55863
_d55863